Complex Surgical Management of Tumors Invading the Sinonasal Area and the Skull Base

Elmentve itt :
Bibliográfiai részletek
Szerző: Fischer-Szatmári Tamás
További közreműködők: Barzó Pál (Témavezető)
Dokumentumtípus: Disszertáció
Megjelent: 2026-06-17
Tárgyszavak:
Online Access:http://doktori.ek.szte.hu/13111
LEADER 01249nta a2200253 i 4500
001 dokt13111
005 20260511093035.0
008 260511s2026 hu om 000 eng d
040 |a SZTE Doktori Repozitórium  |b hun 
041 |a eng 
100 2 |a Fischer-Szatmári Tamás 
245 1 0 |a Complex Surgical Management of Tumors Invading the Sinonasal Area and the Skull Base  |h [elektronikus dokumentum] /  |c  Fischer-Szatmári Tamás 
246 1 0 |a Sinonasalis régiót és koponyaalapot érintő daganatok komplex sebészi kezelése  |h [elektronikus dokumentum] 
260 |c 2026-06-17 
300 |a 46 
502 |a Disszertacio 
650 4 |a klinikai orvostudományok 
650 4 |a Idegsebészet 
700 0 1 |a Barzó Pál  |e ths 
856 4 0 |u https://doktori.bibl.u-szeged.hu/id/eprint/13111/1/thesisFischer.pdf  |z Dokumentum-elérés  
856 4 0 |u https://doktori.bibl.u-szeged.hu/id/eprint/13111/2/article2021.pdf  |z Dokumentum-elérés  
856 4 0 |u https://doktori.bibl.u-szeged.hu/id/eprint/13111/3/article2026.pdf  |z Dokumentum-elérés  
856 4 0 |u https://doktori.bibl.u-szeged.hu/id/eprint/13111/19/Fischerthesisbooklet.pdf  |z Dokumentum-elérés  
856 4 0 |u https://doktori.bibl.u-szeged.hu/id/eprint/13111/20/Fischerthesisfuzet.pdf  |z Dokumentum-elérés